A Course in Mechanical Measurements and Instrumentation & Control (Record no. 2482)

MARC details
000 -LEADER
fixed length control field 00423nam a22001577a 4500
005 - DATE AND TIME OF LATEST TRANSACTION
control field 20260425151918.0
008 - FIXED-LENGTH DATA ELEMENTS--GENERAL INFORMATION
fixed length control field 160613b xxu||||| |||| 00| 0 eng d
041 ## - LANGUAGE CODE
Language code of text/sound track or separate title eng
082 ## - DEWEY DECIMAL CLASSIFICATION NUMBER
Item number 7167
100 ## - MAIN ENTRY--AUTHOR NAME
Personal name Sawhney AIC & Sawhney P.
245 ## - TITLE STATEMENT
Title A Course in Mechanical Measurements and Instrumentation & Control
260 ## - PUBLICATION, DISTRIBUTION, ETC. (IMPRINT)
Name of publisher Dhapat Raj & Co
Year of publication 2001
300 ## - PHYSICAL DESCRIPTION
Number of Pages 940
650 ## - SUBJECT ADDED ENTRY--TOPICAL TERM
Topical Term DIPLOMA ENGINEERING
942 ## - ADDED ENTRY ELEMENTS (KOHA)
Koha item type Books
Holdings
Lost status Damaged status Home library Current library Shelving location Date acquired Cost, normal purchase price Full call number Accession Number Koha item type
    JRU Library   SHELF-45-L 13/06/2016 350.00 7167 7167 Books
    JRU Library     13/06/2016 350.00 7167 7168 Books
    JRU Library   SHELF-45-L 13/06/2016 350.00 7167 7169 Books